[Event "zt2.3.c2"]
[Site "San Jose CRC"]
[Date "2004.09.05"]
[Round "1"]
[White "Valdes,Le"]
[Black "Alvarado,D"]
[Result "1-0"]
[WhiteElo "2370"]
[BlackElo "2105"]

1.Nf3 d5 2.c4 d4 3.g3 c5 4.b4 cxb4 5.a3 bxa3 6.Bxa3 Nc6 7.d3 g6 8.Bg2 Bg7
9.O-O Nh6 10.Nbd2 O-O 11.Qb3 Re8 12.Rfb1 Ng4 13.Ne1 Qc7 14.h3 Nf6 15.Qb5 e5
16.Ra2 Bh6 17.Bc1 Kg7 18.Nc2 a6 19.Qb2 Bxd2 20.Bxd2 Nd7 21.Qa3 Rb8 22.Bb4 Re6
23.Bd5 Rf6 24.Bd2 h6 25.h4 b5 26.Qc1 h5 27.Bh6+ Kg8 28.Bg5 Rd6 29.Bxc6 Rxc6
30.Nb4 Re6 31.cxb5 Qxc1+ 32.Rxc1 axb5 33.Nc6  1-0

[Event "1st Kalamaria Open"]
[Site "Thessaloniki GRE"]
[Date "2004.09.07"]
[Round "5"]
[White "Mastrovasilis,D"]
[Black "Bousios,H"]
[Result "1-0"]
[WhiteElo "2568"]
[BlackElo "2239"]

1.Nf3 d5 2.c4 d4 3.b4 g6 4.Bb2 Bg7 5.g3 Nh6 6.Bg2 O-O 7.d3 c6 8.O-O Na6 9.Ba3 Nc7
10.Nbd2 Re8 11.Qc2 e5 12.Rab1 Bf8 13.Bc1 Nf5 14.Ne4 h6 15.Nfd2 Kh7 16.c5 Be6
17.a4 Bd5 18.Nc4 Re6 19.b5 Ne8 20.Bd2 Nfg7 21.Na5 cxb5 22.axb5 Rc8 23.c6 bxc6
24.bxc6 f5 25.Nb7 Qc7 26.Ng5+ hxg5 27.Bxd5 Rxc6 28.Bxc6 Qxc6 29.Qxc6 Rxc6
30.Rfc1 Rxc1+ 31.Rxc1 g4 32.Ra1 Nd6 33.Rxa7 Nxb7 34.Rxb7 Kg8 35.Bh6 Ne6 36.Bxf8 Nxf8
37.Re7  1-0

[Event "FSGM September"]
[Site "Budapest HUN"]
[Date "2004.09.09"]
[Round "6"]
[White "Paschall,W"]
[Black "Erdos,V"]
[Result "0-1"]
[WhiteElo "2389"]
[BlackElo "2454"]

1.Nf3 d5 2.c4 c6 3.b3 Nf6 4.Bb2 Bg4 5.Ne5 Bh5 6.cxd5 cxd5 7.b4 e6 8.Qa4+ Nbd7
9.e3 a6 10.b5 Bd6 11.bxa6 O-O 12.Nxd7 Nxd7 13.Bb5 Nb6 14.Qa5 bxa6 15.Bd3 Bc7
16.Qa3 e5 17.Nc3 e4 18.Bf1 f5 19.Rc1 f4 20.Qc5 fxe3 21.dxe3 Be5 22.Rc2 Rc8
23.Qa5 Rf6 24.Bxa6 Ra8 25.Nxd5 Nxd5 26.Qxd8+ Rxd8 27.Bxe5 Nxe3 28.Rc8 Nxg2+
29.Kf1 Rxc8 30.Bxc8 Rc6 31.Bb7 Rc1+ 32.Kxg2 Bf3+ 33.Kg3 Bxh1 34.Bd4 e3 35.Ba6 exf2
36.Kxf2 Rc2+ 37.Kg3 Bd5 38.a4 Rg2+ 39.Kh3 Rg6 40.Be2 Be6+ 41.Kh4 Rg2 42.Bf3 Rxh2+
43.Kg3 Ra2 44.Bc6 g5 45.Bf6 h6 46.Bd8 Rd2 47.Ba5 Rd3+ 48.Kf2 Rb3 49.Bd8 Bc4
50.a5 Ra3  0-1

[Event "8th WUCC Women"]
[Site "Instanbul TUR"]
[Date "2004.09.10"]
[Round "7"]
[White "Chistiakova,T"]
[Black "Tsereteli,T"]
[Result "1/2-1/2"]
[WhiteElo "2340"]
[BlackElo "2306"]

1.Nf3 d5 2.c4 d4 3.e3 Nc6 4.exd4 Nxd4 5.Nxd4 Qxd4 6.Be2 e5 7.Nc3 Ne7 8.d3 Qd8
9.O-O Nf5 10.Bg4 Be7 11.Re1  1/2-1/2

[Event "8th WUCC Women"]
[Site "Instanbul TUR"]
[Date "2004.09.10"]
[Round "8"]
[White "Bogza,A"]
[Black "Chistiakova,T"]
[Result "1/2-1/2"]
[WhiteElo "2291"]
[BlackElo "2340"]

1.Nf3 d5 2.c4 c6 3.e3 Nf6 4.b3 Bf5 5.Bb2 e6 6.Nc3 Nbd7 7.d4 h6 8.Bd3 Ne4
9.O-O Bd6 10.Qc2 Ndf6 11.Ne5 Bxe5 12.dxe5 Ng4 13.Nxe4 dxe4 14.Be2 h5 15.Rad1 Qg5
16.Qd2 O-O  1/2-1/2

[Event "zt2.3.c2"]
[Site "San Jose CRC"]
[Date "2004.09.10"]
[Round "7"]
[White "Valdes,Le"]
[Black "Davila,C"]
[Result "1-0"]
[WhiteElo "2370"]
[BlackElo "2339"]

1.Nf3 d5 2.c4 d4 3.g3 g6 4.b4 Bg7 5.d3 e5 6.Bg2 Ne7 7.a4 a5 8.bxa5 Nbc6 9.Nbd2 O-O
10.O-O Nxa5 11.Ba3 Bd7 12.Qc2 Re8 13.Rfb1 Bc6 14.Ne1 Bxg2 15.Kxg2 Nec6 16.Qd1 f5
17.Nb3 b6 18.c5 bxc5 19.Bxc5 Qd5+ 20.Kg1 Ra6 21.Nxa5 Rxa5 22.Bb4 Ra6 23.Bd2 e4
24.Bf4 Be5 25.Ng2 exd3 26.exd3 Bxf4 27.Nxf4 Qf7 28.Rb5 Ne5 29.Qb3 c6 30.Rb7 Qxb3
31.Rxb3 g5 32.Nh5 c5 33.a5 Rh6 34.a6 Rxh5 35.a7 Nf3+ 36.Kg2 Rxh2+ 37.Kxf3 g4+
38.Kf4 Rxf2+ 39.Kg5 h6+ 40.Kf6 Rf8+ 41.Kg6  1-0

[Event "LGA Premium Cup"]
[Site "Nuernberg GER"]
[Date "2004.09.11"]
[Round "2"]
[White "Stuermer,M"]
[Black "Rosenberger,F"]
[Result "1/2-1/2"]
[WhiteElo "1968"]
[BlackElo "2208"]

1.Nf3 d5 2.c4 e6 3.b3 Nf6 4.e3 Nbd7 5.Bb2 c6 6.Be2 Bd6 7.d4 O-O 8.O-O Ne4
9.Nbd2 f5 10.Ne5 Nxe5 11.dxe5 Bc5 12.Qc2 Qb6 13.Nxe4 dxe4 14.a3 a5 15.Rad1 Qc7
16.Qd2 Qe7 17.Bc3 Bxa3 18.Bxa5 Bc5 19.Bc3 Qf7 20.b4 Be7 21.c5 g5 22.f3 exf3
23.Bxf3 Qg6 24.Be2 g4 25.Qc2 h5 26.g3 Qh6 27.Rd3 h4 28.gxh4 Bxh4 29.Be1 Bg5
30.Bd2 Qg7 31.Qb2 Rd8 32.Rxd8+ Bxd8 33.Qd4 Bc7 34.Bc3 Qd7 35.Qf4 Qg7 36.Bc4 Kh8
37.Rd1 b5 38.cxb6 Bxb6 39.Bd4 Bc7 40.Bb2 Ra4 41.Bc3  1/2-1/2

[Event "TCh-CRO"]
[Site "Rabac CRO"]
[Date "2004.09.11"]
[Round "7"]
[White "Saric,Ib"]
[Black "Rezan,S"]
[Result "1-0"]
[WhiteElo "2413"]
[BlackElo "2416"]

1.Nf3 d5 2.c4 e6 3.e3 Nf6 4.d4 Be7 5.Nc3 O-O 6.Bd3 dxc4 7.Bxc4 a6 8.e4 b5
9.Bd3 Bb7 10.e5 Nfd7 11.h4 h6 12.Rh3 f5 13.Qb3 c5 14.Qxe6+ Rf7 15.Rg3 cxd4
16.Rxg7+ Kxg7 17.Bxh6+ Kh7 18.Qxf7+ Kxh6 19.Bxf5 Nf8 20.Qg8 Bf6 21.Nh2 Bxh4
22.Ng4+ Kh5 23.Ne2  1-0

[Event "LGA Premium Cup"]
[Site "Nuernberg GER"]
[Date "2004.09.12"]
[Round "4"]
[White "Stuermer,M"]
[Black "Werner,T"]
[Result "1-0"]
[WhiteElo "1968"]
[BlackElo "2106"]

1.Nf3 d5 2.c4 c6 3.e3 Nf6 4.Be2 dxc4 5.Bxc4 b5 6.Be2 Bb7 7.Nc3 Nbd7 8.d4 e6
9.a3 a5 10.Bd2 b4 11.axb4 Bxb4 12.O-O O-O 13.Na4 Qe7 14.Rc1 Bxd2 15.Qxd2 Ne4
16.Qc2 c5 17.Bd3 f5 18.dxc5 Rac8 19.Nd4 Nexc5 20.Nxc5 Rxc5 21.Qb1 Rfc8 22.Rxc5 Rxc5
23.b4 axb4 24.Qxb4 Nf8 25.Bc4 Kf7 26.f3 Qc7 27.Rb1 Bd5 28.Bxd5 Rxd5 29.Qb7 Rd7
30.Qb3 Kf6 31.Qb2 Kf7 32.Rc1 Qa7 33.Qc3 f4 34.Nc6 Qb6 35.Ne5+ Kg8 36.Nxd7 Nxd7
37.Qd4 Qb7 38.Qxf4 Qd5 39.Rc8+  1-0

[Event "2nd Saipa Cup"]
[Site "Tehran IRI"]
[Date "2004.09.13"]
[Round "1"]
[White "Kotsur,P"]
[Black "Ulibin,M"]
[Result "1/2-1/2"]
[WhiteElo "2607"]
[BlackElo "2586"]

1.Nf3 d5 2.c4 d4 3.e3 Nc6 4.exd4 Nxd4 5.Nxd4 Qxd4 6.Nc3 c6 7.d3 Nh6 8.Be3 Qd8
9.d4 Nf5 10.Qd2 g6 11.O-O-O Bg7 12.Be2 O-O 13.Kb1  1/2-1/2

[Event "2nd Saipa Cup"]
[Site "Tehran IRI"]
[Date "2004.09.14"]
[Round "2"]
[White "Neverov,V"]
[Black "Moradiabadi,E"]
[Result "1-0"]
[WhiteElo "2537"]
[BlackElo "2435"]

1.Nf3 d5 2.c4 e6 3.d4 Nf6 4.cxd5 exd5 5.Nc3 c6 6.Bg5 Be7 7.e3 Bf5 8.Bd3 Bxd3
9.Bxf6 Bxf6 10.Qxd3 a5 11.e4 dxe4 12.Qxe4+ Qe7 13.O-O-O O-O 14.Qxe7 Bxe7
15.Rhe1 Bd6 16.d5 cxd5 17.Rxd5 Bb4 18.a3 Bxc3 19.bxc3 Nc6 20.Rb5 Rab8 21.Rd1 b6
22.Rd7 f6 23.Rc7 Ne5 24.Nxe5 fxe5 25.f3 e4 26.Rg5 Rf7 27.Rxf7 Kxf7 28.fxe4 Re8
29.Rf5+ Ke6 30.Kd2 Rd8+ 31.Ke3 Rd6 32.Rb5 Rc6 33.Kd4 Kd7 34.Rg5 g6 35.Rd5+ Ke7
36.e5 g5 37.Rb5 g4 38.g3 Kd7 39.c4 Rh6 40.Rb2 Kc6 41.Rf2 Rh5 42.a4 h6 43.Rf6+ Kc7
44.Rf7+ Kc6 45.Rf2 Rh3 46.Re2 Kd7 47.Kd5 Rh5 48.Rf2 Ke7 49.Rb2 Rh3 50.Kc6 Rh5
51.Re2  1-0

[Event "TCh-SCG Women"]
[Site "Budva SCG"]
[Date "2004.09.17"]
[Round "9"]
[White "Vujic Katanic,B"]
[Black "Paramentic,M"]
[Result "1/2-1/2"]
[WhiteElo "2124"]
[BlackElo "2007"]

1.Nf3 d5 2.c4 e6 3.g3 Nf6 4.Bg2 Be7 5.O-O O-O 6.d4 Nbd7 7.Qc2 c6 8.Nbd2 b6
9.e4 dxe4 10.Nxe4 Bb7 11.Rd1 Qc8 12.Bh3 Nxe4 13.Qxe4 Nf6 14.Qe2 Qc7 15.Bf4 Bd6
16.Bxd6  1/2-1/2

[Event "Premier League"]
[Site "Belgrade SCG"]
[Date "2004.09.25"]
[Round "1"]
[White "Cobic,V"]
[Black "Toth,Al"]
[Result "1/2-1/2"]
[WhiteElo "2383"]
[BlackElo "2185"]

1.Nf3 d5 2.c4 e6 3.g3 Nf6 4.Bg2 Be7 5.O-O O-O 6.Qc2 b6 7.b3 Bb7 8.Bb2 Nbd7
9.d3 c5 10.Nbd2 Rc8 11.e4 d4 12.Rae1 Qc7 13.Qd1 e5 14.Nh4 g6 15.Bc1 Ne8 16.Ndf3 Ng7
17.Qd2 f6 18.Bh3 Rce8 19.Qh6 Rf7 20.Ng2 Bf8 21.Qd2 Bc8 22.Nfh4 Nb8 23.Bxc8 Qxc8
24.f4 Nd7 25.Nf3 Be7 26.Ngh4 Ref8 27.f5 g5 28.Ng6 Re8 29.Nxe7+ Rexe7 30.g4 h6
31.h4 Ne8 32.Kf2 Rh7 33.Rh1 Qc6 34.Rh2 Reg7 35.Reh1 Qd6 36.Qd1 Qe7 37.Qg1 Nd6
38.Rh3 Nf8 39.Qh2 Qd8 40.Nd2 Qe7 41.Nf1 a6 42.Ng3 Rf7 43.Bd2 Nb7 44.Nh5 a5
45.Qg1 Nd8 46.R1h2 Nc6 47.Qh1 Nb4 48.a3 Nc6 49.Ke2 Kh8 50.Ng3 Kg8 51.Kd1 Kh8
52.Kc2 Kg8 53.hxg5 hxg5 54.Rxh7 Rxh7 55.Rxh7 Qxh7 56.Qxh7+ Kxh7 57.b4 a4
58.b5 Ne7 59.Kd1 Kg7 60.Ke2 Kf7 61.Kf3 Nc8 62.Ne2 Nd7 63.Ng1 Nd6 64.Nh3 Nb7
65.Nf2 Na5 66.Nd1 Nb3 67.Ke2 Na1 68.Bc1  1/2-1/2

[Event "IMA Classic"]
[Site "Gausdal NOR"]
[Date "2004.09.25"]
[Round "3"]
[White "Thompson,I"]
[Black "Hole,O"]
[Result "1/2-1/2"]
[WhiteElo "2235"]
[BlackElo "2332"]

1.Nf3 d5 2.c4 c6 3.g3 Nf6 4.Bg2 dxc4 5.Qc2 b5 6.b3 cxb3 7.axb3 Bb7 8.Ba3 g6
9.O-O Bg7 10.d4 O-O 11.Nbd2 Re8 12.e4 Nbd7 13.e5 Nd5 14.Ne4 Nf8 15.Nc5 Bc8
16.Qd2 a5 17.Rac1 Qb6 18.Ne1 Rd8 19.f4 f5 20.Nf3 b4 21.Bb2 Ne6 22.Qf2 Nxc5
23.Rxc5 e6 24.Rfc1 Bd7 25.Nd2 Bf8 26.R5c2 a4 27.h4 Be8 28.Bf3 h5 29.Be2 axb3
30.Nxb3 Ra2 31.Bc4 Ra7 32.Nd2 Kf7 33.Nf3 Be7 34.Bb3 Rb7 35.Ne1 Nc3 36.Bxc3 bxc3
37.Rxc3 Qxd4 38.Qxd4 Rxd4 39.Nf3 Rdb4 40.Ba2 Rb2 41.R1c2 Rxc2 42.Rxc2 c5
43.Ng5+ Bxg5 44.hxg5 Ra7 45.Bc4 Ra4 46.Be2 Ra5 47.Bf3 Ke7 48.Kf2 Kd8 49.Rb2 Bb5
50.Rc2 Bd7 51.Rb2 c4 52.Rc2 Bb5 53.Be2 Ra4 54.Ke3 Kc7 55.Rc3 Kb6 56.Kd4 Rb4
57.Bxc4 Kc6 58.Rc1 Ba6 59.Rc3  1/2-1/2

[Event "Monarch Assurance"]
[Site "Port Erin IOM"]
[Date "2004.09.25"]
[Round "1"]
[White "Fairbairn,S"]
[Black "McPhillips,K"]
[Result "0-1"]
[WhiteElo "2057"]
[BlackElo "2172"]

1.Nf3 d5 2.c4 e6 3.g3 Nf6 4.Bg2 Be7 5.O-O O-O 6.b3 b6 7.Bb2 Bb7 8.e3 Nbd7
9.d3 dxc4 10.bxc4 Nc5 11.d4 Nce4 12.Nc3 c5 13.Nxe4 Bxe4 14.Rc1 Qc7 15.Qe2 Rac8
16.Rfd1 Qb7 17.Ne1 Rfd8 18.Bxe4 Nxe4 19.Nf3 Bf6 20.Rc2 Rd7 21.Rdc1 Rcd8 22.dxc5 Bxb2
23.Rxb2 Nxc5 24.Rd2 Rxd2 25.Nxd2 Qd7 26.Nb3 Nd3 27.Rc2 Ne5 28.Rd2 Qc8 29.Rxd8+ Qxd8
30.f4 Nd7 31.Qd3 Qc8 32.e4 e5 33.Kg2 h6 34.f5 Qc7 35.Kf3 Kh7 36.Qd5 Nf6 37.Qd3 Qc6
38.g4 Qa4 39.Qc2 Qb4 40.c5 bxc5 41.Nxc5 Qe1 42.h3 Qf1+ 43.Qf2 Qxh3+  0-1

[Event "TCh-BEL 2004-5"]
[Site "Belgium BEL"]
[Date "2004.09.26"]
[Round "2"]
[White "Roeder,M"]
[Black "Wuts,F"]
[Result "1-0"]
[WhiteElo "2404"]
[BlackElo "2306"]

1.Nf3 d5 2.c4 e6 3.b3 Nf6 4.Bb2 Nc6 5.e3 Bd6 6.Nc3 O-O 7.a3 dxc4 8.bxc4 e5
9.Qc2 Re8 10.d3 Bf5 11.Nd2 Bc5 12.h3 h6 13.Be2 Qd7 14.Nde4 Nxe4 15.dxe4 Bg6
16.Rd1 Qe7 17.Nd5 Qd6 18.O-O Rad8 19.Nf4 Qf6 20.Nxg6 Qxg6 21.Rd5 b6 22.Rfd1 Rxd5
23.cxd5 Na5 24.Qa4 Re7 25.Bc3 Nb7 26.Qxa7 Nd6 27.Bd3 Kh7 28.Bb4 Bxb4 29.axb4 Qh5
30.Rc1 f5 31.exf5 e4 32.Bf1 Qf7 33.g4 g6 34.fxg6+ Kxg6 35.Qb8 Kg5 36.Qd8 Nb7
37.Qh8 Nd6 38.Be2 Qxd5 39.Qd8  1-0

[Event "GM Classic"]
[Site "Gausdal NOR"]
[Date "2004.09.27"]
[Round "5"]
[White "Groenn,A"]
[Black "Johannessen,LE"]
[Result "0-1"]
[WhiteElo "2409"]
[BlackElo "2538"]

1.Nf3 d5 2.c4 e6 3.g3 Nf6 4.Bg2 Be7 5.O-O O-O 6.d4 Nbd7 7.Qc2 c6 8.Rd1 b6
9.Nbd2 Ba6 10.b3 c5 11.e4 dxc4 12.e5 Nd5 13.Nxc4 Rc8 14.a4 cxd4 15.Rxd4 Qc7
16.Rg4 h5 17.Ng5 Bxg5 18.Rxg5 Bxc4 19.bxc4 Qxc4 20.Qd2 Qc2 21.Rxh5 Qxd2 22.Bxd2 Rc4
23.a5 Rd4 24.Be1 b5 25.f4 g6 26.Rh3 a6 27.Bf2 Rd2 28.Bxd5 Rxd5 29.g4 Rc8
30.Raa3 Rc4 31.Rac3 Rxf4 32.Rc8+ Kg7 33.Ra8 Nxe5 34.Bg3 Rd1+ 35.Kg2 Rd2+
36.Kg1 Nf3+ 37.Kf1 Nxh2+ 38.Ke1 Nf3+ 39.Kf1 Nh2+ 40.Ke1 Nf3+ 41.Kf1 Ra4 42.Be1 Nxe1
43.Kxe1 Rb2  0-1

[Event "TCh-Vojvodina"]
[Site "Sombor SCG"]
[Date "2004.09.27"]
[Round "4"]
[White "Kapelan,M"]
[Black "Perisic,Ra"]
[Result "1-0"]
[WhiteElo "2310"]
[BlackElo "2402"]

1.Nf3 d5 2.c4 c6 3.cxd5 cxd5 4.d4 Nf6 5.Nc3 Nc6 6.g3 Bf5 7.Bg2 e6 8.O-O Be7
9.Qb3 Qc8 10.Bf4 O-O 11.Rac1 Nd7 12.Nb5 a6 13.Nd6 Bxd6 14.Bxd6 Rd8 15.Bf4 Be4
16.Rfd1 Bxf3 17.Bxf3 Nf6 18.Qb6 Qd7 19.Rc2 Rac8 20.Rdc1 Ne4 21.a4 a5 22.Kg2 Qe7
23.Bxe4 dxe4 24.Bd2 Ra8 25.Be3 h6 26.Rc5 Rd7 27.Qb5 Rad8 28.Rd1 Rd5 29.Rdc1 R8d7
30.Qb6 Qf6 31.Rxd5 exd5 32.Rd1 h5 33.h4 Qf5 34.Rd2 Kh7 35.b3 Qg4 36.Rc2 Re7
37.Qb5 Qf5 38.Rc5 Rd7 39.Rc1 f6 40.Qc5 Kg8 41.Qb5 Kf7 42.b4 axb4 43.a5 Nd8
44.Qxb4 Qe6 45.Qb5 Kg6 46.Rc8 Nf7 47.Bf4 Kf5 48.Rc7 Rd8 49.Qxb7 Nd6 50.Bxd6 Qxd6
51.Rxg7 e3 52.Qb1+ Ke6 53.f4 Rb8 54.f5+  1-0

[Event "Tatry Open"]
[Site "Tatranske Zruby SVK"]
[Date "2004.09.27"]
[Round "4"]
[White "Lipka,J"]
[Black "Garancovsky,P"]
[Result "1/2-1/2"]
[WhiteElo "2389"]
[BlackElo "2213"]

1.Nf3 d5 2.c4 d4 3.g3 Nc6 4.Bg2 e5 5.d3 Nf6 6.O-O Be7 7.b4 Bxb4 8.Nxe5 Nxe5
9.Qa4+ Nc6 10.Bxc6+ bxc6 11.Qxb4 Bh3 12.Re1 a5 13.Qc5 Qd6 14.Ba3 Qxc5 15.Bxc5 O-O-O
16.Na3 h5 17.Nc2 h4 18.Bxd4 Rh5 19.f3 hxg3 20.hxg3 Rdh8 21.Bxf6 gxf6 22.g4 Rg5
23.e4 Bxg4 24.fxg4 Rxg4+ 25.Kf2 Rh2+ 26.Kf3 Rgh4 27.Ne3 R4h3+ 28.Kg4 Rh4+
29.Kg3 R4h3+ 30.Kf4 Rh4+  1/2-1/2

[Event "1st Central League"]
[Site "Vrnjacka Banja SCG"]
[Date "2004.09.27"]
[Round "4"]
[White "Gavrilovic,L"]
[Black "Radulski,J"]
[Result "0-1"]
[WhiteElo "2238"]
[BlackElo "2513"]

1.Nf3 d5 2.c4 e6 3.d4 c6 4.e3 f5 5.Nbd2 Nf6 6.Bd3 Bd6 7.b3 O-O 8.Bb2 Ne4
9.O-O Nd7 10.Ne5 Nxe5 11.dxe5 Bb4 12.Nb1 Be7 13.Qc2 Bd7 14.Nc3 Nc5 15.Be2 a5
16.Rad1 Qe8 17.a3 b5 18.cxb5 cxb5 19.Rd4 Rc8 20.Qd1 a4 21.b4 Nb3 22.Rd3 Rc4
23.Bf3 Kh8 24.Ne2 Qb8 25.Qb1 Rfc8 26.Nd4 Nxd4 27.Rxd4 Rc2 28.Bd1 Rxb2 29.Qxb2 Qxe5
30.Qd2 Bf6 31.g3 Qd6 32.Rd3 Rc4 33.Bf3 Qc7 34.Rb1 Be8 35.h4 h6 36.Qd1 Bg6
37.Bh5 Bh7 38.f4 Bg8 39.Be8 Qb8 40.Qh5 Rc2 41.Bd7 Qb7 42.Qd1 Ra2 43.Be8 d4
44.Qf1 Qc8 45.Rc1 Qxe8 46.exd4 Qd7 47.Rcd1 Qd5  0-1

[Event "Premier League"]
[Site "Belgrade SCG"]
[Date "2004.09.29"]
[Round "5"]
[White "Arsovic,G"]
[Black "Jovanovic,Zo1"]
[Result "1-0"]
[WhiteElo "2411"]
[BlackElo "2389"]

1.Nf3 d5 2.c4 c6 3.e3 Nf6 4.Nc3 a6 5.Qc2 g6 6.d4 Bg7 7.Bd3 O-O 8.O-O Be6
9.c5 Nbd7 10.Ng5 b6 11.Na4 bxc5 12.Nxc5 Nxc5 13.Qxc5 Bf5 14.Bxf5 gxf5 15.Qxc6 Qa5
16.Qc2 h6 17.Nh3 Ne4 18.Nf4 e6 19.f3 Rfc8 20.Qd1 Nd6 21.Nd3 Qb6 22.Kh1 Ra7
23.Bd2 Nc4 24.b3 Nxd2 25.Qxd2 Bf8 26.Rac1 Rac7 27.Rxc7 Rxc7 28.Rc1 Rxc1+
29.Qxc1 Qb5 30.Qc3 a5 31.Kg1 Bb4 32.Qc2 Kg7 33.h3 Bd6 34.Kf2 Bb4 35.g4 fxg4
36.hxg4 Bd6 37.Kg2 Bb4 38.Ne5 Bd6 39.Nd3 Bb4 40.Kf2 Bd6 41.Kg2 Bb4 42.Kh3 Bd6
43.Kg2 Bb4 44.Nf4 Bd6 45.Ne2 Qb7 46.f4 Qa6 47.Ng3 Kg8 48.Ne2 Kg7 49.Ng1 Kg8
50.Nf3 Kf8 51.Kf2 Ke7 52.Qc3 a4 53.bxa4 Qxa4 54.Qb3 Qa3 55.Qc2 Kd7 56.Nd2 Qa8
57.a4  1-0

[Event "79th ch-ARG"]
[Site "Buenos Aires ARG"]
[Date "2004.09.30"]
[Round "8"]
[White "Szmetan,J"]
[Black "Semprevivo,M"]
[Result "1-0"]
[WhiteElo "2401"]
[BlackElo "2087"]

1.Nf3 d5 2.c4 e6 3.b3 Nf6 4.g3 Nbd7 5.Bb2 c6 6.Bg2 Be7 7.O-O O-O 8.d3 Re8
9.Nbd2 Bf8 10.Qc2 e5 11.cxd5 Nxd5 12.a3 Nc7 13.Rad1 c5 14.e3 b6 15.d4 Ba6
16.Nc4 exd4 17.exd4 Qb8 18.dxc5 Nxc5 19.Ng5  1-0

[Event "TCh-Vojvodina"]
[Site "Sombor SCG"]
[Date "2004.09.30"]
[Round "8"]
[White "Kapelan,M"]
[Black "Sanduleac,V"]
[Result "1/2-1/2"]
[WhiteElo "2310"]
[BlackElo "2492"]

1.Nf3 d5 2.c4 c6 3.g3 e6 4.b3 Nf6 5.Bg2 Be7 6.O-O O-O 7.d4 b6 8.Ne5 Bb7 9.Nd2 Nbd7
10.Ndf3 a5 11.Bb2 Ra7 12.a4 c5 13.Nxd7 Nxd7 14.cxd5 Bxd5 15.Nd2 Bxg2 16.Kxg2 cxd4
17.Bxd4 Nc5 18.Bxc5 Bxc5 19.Nc4 Rd7 20.Qc2 h5 21.Rad1 h4 22.Rxd7 Qxd7 23.Rd1 Qc6+
24.f3 Be7 25.Qe4 Qxe4 26.fxe4 hxg3 27.hxg3 Rb8 28.Rd7 Bb4 29.Ne5 b5 30.Nxf7 bxa4
31.bxa4 Bc3 32.Rd8+ Rxd8 33.Nxd8 e5 34.Kf3 Kf8 35.Ne6+ Kf7 36.Nc5 Ke7 37.Kg4 Kf6
38.Nd3 Kg6 39.Kh4 Kf6 40.g4 g6 41.Kg3 Ke6 42.Kf3 Bd4 43.Ne1 Kf6 44.Nd3 Ke6
45.Kg3 Kf6  1/2-1/2

[Event "TCh-Vojvodina"]
[Site "Sombor SCG"]
[Date "2004.10.01"]
[Round "9"]
[White "Lalic,D"]
[Black "Radonjanin,V"]
[Result "1-0"]
[WhiteElo "2372"]
[BlackElo "2297"]

1.Nf3 d5 2.c4 dxc4 3.Qa4+ Nd7 4.Qxc4 e5 5.g3 c6 6.Bg2 Ngf6 7.O-O Bd6 8.d4 O-O
9.Nc3 Qe7 10.h3 Rd8 11.Rd1 Nb6 12.Qb3 exd4 13.Nxd4 Be5 14.Be3 Nfd5 15.Ne4 Nxe3
16.Qxe3 Nd5 17.Qf3 Bxd4 18.Rxd4 Be6 19.Rad1 f5 20.Nc3 Nxc3 21.Qxc3 Rxd4 22.Rxd4 Bxa2
23.b3 Rd8 24.Qc4+ Kf8 25.Rxd8+ Qxd8 26.Qc2 Qa5 27.b4 Qa6 28.Qxf5+ Kg8 29.Qc8+ Kf7
30.Qd7+ Kf8 31.Be4 Bf7 32.Qd6+ Ke8 33.Qe5+ Kf8 34.Qd6+ Ke8 35.Bf5 Qa1+ 36.Kg2  1-0

[Event "9th ECC w"]
[Site "Izmir TUR"]
[Date "2004.10.08"]
[Round "6"]
[White "Chistiakova,T"]
[Black "Korbut,E"]
[Result "0-1"]
[WhiteElo "2301"]
[BlackElo "2400"]

1.Nf3 d5 2.c4 d4 3.e3 Nc6 4.exd4 Nxd4 5.Nxd4 Qxd4 6.Be2 Nh6 7.Nc3 c6 8.O-O g6
9.d3 Bg7 10.Be3 Qd8 11.Bf3 Nf5 12.Bc5 O-O 13.Re1 Re8 14.Rb1 Nd4 15.Bg4 b6
16.Bxd4 Bxg4 17.Qxg4 Qxd4 18.Qf3 Qd7 19.Re2 Rad8 20.Rd1 b5 21.Rc2 Bxc3 22.Rxc3 b4
23.Rc2 e5 24.Re2 c5 25.h4 Qd4 26.Re4 Qd6 27.h5 f5 28.hxg6 hxg6 29.Rh4 e4
30.Qe3 Qf6 31.g3 exd3 32.Qxc5 d2 33.Kg2 Re1 34.Rh1 Re2 35.Qc7 Qe7 36.Qxe7 Rxe7
37.Kf3 Re4 38.b3 Rd3+ 39.Kg2 Re6 40.Rb1 g5 41.Rhd1 f4 42.g4 Kf7 43.Rb2 Re2
44.Rc2 Ke6 45.Rb2 Kd6 46.Rc2 Kc6 47.Rb2 Rg3+ 48.Kf1 Re1+ 49.Rxe1 Rg1+  0-1

[Event "Goodbye Summer Open"]
[Site "Omis CRO"]
[Date "2004.10.09"]
[Round "6"]
[White "Pahor,A"]
[Black "Saric,Iv"]
[Result "1-0"]
[WhiteElo "2063"]
[BlackElo "2214"]

1.Nf3 d5 2.c4 e6 3.g3 Nf6 4.Bg2 Be7 5.O-O O-O 6.b3 Nbd7 7.Bb2 c6 8.d3 Re8
9.Nbd2 Bd6 10.e4 e5 11.exd5 cxd5 12.cxd5 Nxd5 13.Nc4 Bc7 14.Re1 f6 15.d4 e4
16.Nh4 g5 17.Rxe4 gxh4 18.Rxe8+ Qxe8 19.Bxd5+ Kh8 20.Qf3 hxg3 21.hxg3 Rb8
22.Kg2 b5 23.Ne3 Rb6 24.Rh1 Nf8 25.Be4 Ng6 26.d5 Kg8 27.Ng4 Bxg4 28.Qxg4 Bd8
29.Bf5 Rd6 30.Be6+ Kg7 31.Qh5 Rxe6 32.Qxh7+ Kf8 33.dxe6 Bb6 34.Ba3+  1-0

[Event "TCh-BEL2 2004-5"]
[Site "Belgium BEL"]
[Date "2004.10.10"]
[Round "1"]
[White "Mohandesi,S"]
[Black "Lobzhanidze,D"]
[Result "0-1"]
[WhiteElo "2332"]
[BlackElo "2467"]

1.Nf3 d5 2.c4 c6 3.e3 Nf6 4.Nc3 a6 5.Qb3 e6 6.a4 c5 7.Be2 d4 8.Na2 Nc6 9.d3 e5
10.e4 Be7 11.Bd2 O-O 12.O-O Ne8 13.a5 f5 14.exf5 Nd6 15.f6 Bxf6 16.Qa3 e4
17.dxe4 Nxe4 18.Be1 Bg4 19.Nc1 Qe7 20.Ra2 Rae8 21.Qb3 Bg5 22.Nxg5 Bxe2 23.Nxe2 Nxg5
24.Ng3 Qxe1 25.Rxe1 Rxe1+ 26.Nf1 Ne4 27.Qh3 Nxf2 28.Qh4 Nd3 29.g3 Nce5 30.Kg2 Re2+
31.Kh3 Nf2+ 32.Kg2 Nfg4+ 33.Kh3 Rxf1 34.Qd8+ Rf8 35.Qd5+ Kh8  0-1

[Event "Pre-Olym Tourn"]
[Site "Belo Horizonte BRA"]
[Date "2004.10.10"]
[Round "3"]
[White "Resende,J"]
[Black "Caldeira,A"]
[Result "1-0"]
[WhiteElo "2261"]
[BlackElo "2291"]

1.Nf3 d5 2.c4 c6 3.g3 Nf6 4.Bg2 dxc4 5.Qc2 Bg4 6.Qxc4 Nbd7 7.O-O e6 8.d4 Nb6
9.Qd3 Bf5 10.Qb3 Qd5 11.Qd1 Qd7 12.Nc3 Nbd5 13.Nh4 Bg6 14.Nxg6 hxg6 15.e4 Nb6
16.Be3 Nc4 17.Bc1 Nb6 18.a4 Rd8 19.a5 Nc8 20.Be3 Nh7 21.d5 Be7 22.Qb3 c5
23.dxe6 fxe6 24.Rad1 Qc6 25.e5 Qc7 26.Qxe6 Nf8 27.Rxd8+ Kxd8 28.Qd5+ Qd7
29.Qb3 Ne6 30.Rd1 Nd4 31.Qc4 Ke8 32.Bxd4 cxd4 33.Rxd4 Qf5 34.Rf4 Qd7 35.e6 Qd8  1-0

[Event "Goodbye Summer Open"]
[Site "Omis CRO"]
[Date "2004.10.10"]
[Round "7"]
[White "Brulic,D"]
[Black "Prlac,V"]
[Result "1-0"]
[WhiteElo "2241"]
[BlackElo "2143"]

1.Nf3 d5 2.c4 e6 3.Nc3 Nf6 4.d4 Be7 5.Bg5 Nbd7 6.e3 c6 7.Rc1 O-O 8.Bd3 dxc4
9.Bxc4 b5 10.Bd3 Bb7 11.O-O a6 12.a4 b4 13.Ne4 Rc8 14.Bxf6 gxf6 15.Nc5 Nxc5
16.dxc5 Qd5 17.Qc2 Qh5 18.Nd4 Kh8 19.f4 Rg8 20.Rf3 Rcd8 21.Kh1 f5 22.Rh3 Qg6
23.Rg1 Bf6 24.Nb3 Qg7 25.Rg3 Qh6 26.Rxg8+ Rxg8 27.Na5 Bc8 28.Be2 Qg7 29.b3 e5
30.Bf3 Qh6 31.g3 e4 32.Be2 Bc3 33.Nc4 Be6 34.Nd6 a5 35.Kg2 Qf6 36.Rd1 Rf8
37.Bc4 Bc8 38.Nxf7+ Kg7 39.Nd6 h5 40.Qe2 Qg6 41.Nxc8 Rxc8 42.Rd7+ Kh6 43.Bf7 Qg4
44.Rd6+ Kh7 45.Qxg4 hxg4 46.Bg6+ Kg7 47.Bxf5  1-0

[Event "Essent Open"]
[Site "Hoogeveen NED"]
[Date "2004.10.15"]
[Round "1"]
[White "Ernst,S"]
[Black "Van Beek,A"]
[Result "0-1"]
[WhiteElo "2521"]
[BlackElo "2255"]

1.Nf3 d5 2.c4 c6 3.d4 Nf6 4.Nc3 dxc4 5.a4 Bf5 6.e3 e6 7.Bxc4 Bb4 8.O-O O-O
9.Nh4 Nbd7 10.f3 h6 11.Nxf5 exf5 12.Qd3 c5 13.Na2 Ba5 14.Qxf5 cxd4 15.exd4 Nb6
16.Bb3 Nbd5 17.Rd1 Re8 18.Bc4 Rc8 19.Qd3 Qd6 20.b4 Nxb4 21.Qb3 Nbd5 22.Rb1 Rc7
23.Bxd5 Qxd5 24.Qxd5 Nxd5 25.Rb5 Nc3 26.Nxc3 Bxc3 27.Bf4 Rc4 28.Rd5 Rxa4
29.Rd7 b5 30.Bg3 a5 31.d5 Rd4 32.Rc1 b4 33.d6 a4 34.Re7 Rd8 35.Rc7 a3 36.Be5 R4xd6
37.Bxd6 Rxd6 38.Rc8+ Kh7 39.Kf2 Rd2+ 40.Ke3 Rxg2  0-1

[Event "Essent Open"]
[Site "Hoogeveen NED"]
[Date "2004.10.15"]
[Round "1"]
[White "O'Cinneide,M"]
[Black "Goloshchapov,A"]
[Result "0-1"]
[WhiteElo "2268"]
[BlackElo "2566"]

1.Nf3 d5 2.c4 e6 3.d4 Nf6 4.Nc3 c6 5.Bg5 h6 6.Bxf6 Qxf6 7.e3 Nd7 8.Bd3 dxc4
9.Bxc4 g6 10.O-O Bg7 11.b4 O-O 12.Rc1 Qe7 13.Qb3 b6 14.Rfd1 Bb7 15.e4 Rfd8
16.a3 Rac8 17.h3 Ba8 18.d5 cxd5 19.exd5 Nf8 20.dxe6 Rxd1+ 21.Rxd1 Bxf3 22.exf7+ Kh7
23.gxf3 Bxc3 24.Qxc3 b5 25.Re1 Qg5+  0-1

[Event "36th Olympiad"]
[Site "Calvia ESP"]
[Date "2004.10.16"]
[Round "1"]
[White "Valdes,Le"]
[Black "Ilinsky,V"]
[Result "1-0"]
[WhiteElo "2372"]
[BlackElo "2331"]

1.Nf3 d5 2.c4 dxc4 3.Na3 c5 4.Nxc4 Nc6 5.g3 Nf6 6.Bg2 e6 7.b3 Be7 8.Bb2 O-O
9.O-O Nd5 10.d4 cxd4 11.Nxd4 Bd7 12.e4 Nf6 13.Qe2 Nxd4 14.Bxd4 Bb5 15.Rfd1 Qc7
16.Rac1 e5 17.Bb2 Rad8 18.h3 Rxd1+ 19.Qxd1 Rd8 20.Qe1 Bxc4 21.Rxc4 Qb8 22.Rc1 Nd7
23.Bf1 Nc5 24.Rd1 Rxd1 25.Qxd1 Nxe4 26.Qd7 Qd6 27.Qxb7 Qd2 28.Qxe4 Qxb2 29.Qa8+ Bf8
30.Qxa7 Qb1 31.Kg2 Qe4+ 32.Kh2 h5 33.h4 Qf3 34.Bg2 Qf5 35.a4 g5 36.hxg5 h4
37.Qe3 hxg3+ 38.Qxg3 e4 39.Kg1 Bc5 40.g6 fxg6 41.b4 Bxb4 42.Qb3+  1-0

[Event "36th Olympiad"]
[Site "Calvia ESP"]
[Date "2004.10.17"]
[Round "2"]
[White "Gonzales,Jay"]
[Black "Cuartas,Ja"]
[Result "1/2-1/2"]
[WhiteElo "2422"]
[BlackElo "2452"]

1.Nf3 d5 2.c4 c6 3.g3 Nf6 4.Bg2 Bg4 5.Ne5 Bf5 6.cxd5 cxd5 7.Nc3 Nc6 8.Qa4 Bd7
9.Nxd7 Qxd7 10.d3 e6 11.O-O Be7 12.e4 O-O 13.Bg5 Nxe4 14.dxe4 Bxg5 15.exd5 exd5
16.Nxd5 Qd6 17.Rad1 Rad8 18.Qb5 Qb8 19.h4 Bh6 20.Rd3 Kh8 21.Rfd1 Ne5 22.Rd4 Nc6
23.R4d3 Ne5 24.Rb3 b6 25.Rb4 f5 26.f4 Ng4 27.Bf3 g6 28.Rbd4 Bg7 29.R4d3 Nf6
30.Nxf6 Bxf6 31.Rd7 Rxd7 32.Rxd7 Rd8 33.b3 Qc8 34.Rxd8+ Qxd8 35.Qd5 Bd4+
36.Kg2 Qxd5 37.Bxd5 h5 38.Bf7 Kg7 39.Be8 a5 40.Kf3 Kf6 41.Kg2  1/2-1/2